export_success — 

Analyzing and managing banking risk a framework for assessing corporate governance and financial risk /

Bibliographic Details
Main Author: Greuning, Hennie van.
Corporate Author: ProQuest (Firm)
Other Authors: Brajovic Bratanovic, Sonja, 1946-
Format: Electronic eBook
Language:English
Published: Washington, DC : World Bank, 2003.
Edition:2nd ed.
Subjects:
Online Access:Click to View
LEADER 01609nam a2200397Ia 4500
001 EBC3050566
003 MiAaPQ
005 20200520144314.0
006 m o d |
007 cr cn|||||||||
008 030227s2003 dcu sb 001 0 eng d
020 |z 0821354183 
035 |a (MiAaPQ)EBC3050566 
035 |a (Au-PeEL)EBL3050566 
035 |a (CaPaEBR)ebr10038990 
035 |a (CaONFJC)MIL8409 
035 |a (OCoLC)53369943 
040 |a MiAaPQ  |c MiAaPQ  |d MiAaPQ 
050 4 |a HG1615  |b .G746 2003 
082 0 4 |a 332.1/068/1  |2 21 
100 1 |a Greuning, Hennie van. 
245 1 0 |a Analyzing and managing banking risk  |h [electronic resource] :  |b a framework for assessing corporate governance and financial risk /  |c Hennie van Greuning, Sonja Brajovic Bratanovic, with technical advice on treasury management by Jennifer Johnson-Calari. 
250 |a 2nd ed. 
260 |a Washington, DC :  |b World Bank,  |c 2003. 
300 |a xvi, 367 p. 
500 |a Originally published under title: Analyzing bank risk. 
504 |a Includes bibliographical references and index. 
533 |a Electronic reproduction. Ann Arbor, MI : ProQuest, 2015. Available via World Wide Web. Access may be limited to ProQuest affiliated libraries. 
650 0 |a Bank management. 
650 0 |a Risk management. 
650 0 |a Corporate governance. 
655 4 |a Electronic books. 
700 1 |a Greuning, Hennie van.  |t Analyzing banking risk. 
700 1 |a Brajovic Bratanovic, Sonja,  |d 1946- 
710 2 |a ProQuest (Firm) 
856 4 0 |u https://ebookcentral.proquest.com/lib/matrademy/detail.action?docID=3050566  |z Click to View